MARC details
| 000 -CABECERA |
| campo de control de longitud fija |
01149cam a2200301 a 4500 |
| 001 - NÚMERO DE CONTROL |
| campo de control |
000003128 |
| 005 - FECHA Y HORA DE LA ÚLTIMA TRANSACCIÓN |
| campo de control |
20200929150334.0 |
| 008 - DATOS DE LONGITUD FIJA--INFORMACIÓN GENERAL |
| campo de control de longitud fija |
840120s1982 nyua b 001 0 spa |
| 040 ## - FUENTE DE LA CATALOGACIÓN |
| Centro catalogador/agencia de origen |
DO-SdBNP |
| Centro/agencia transcriptor |
DLC |
| Centro/agencia modificador |
DLC |
| 050 00 - SIGNATURA TOPOGRÁFICA DE LA BIBLIOTECA DEL CONGRESO |
| Número de clasificación |
F1414 |
| Número de documento/Ítem |
.P36 1982 |
| 082 ## - NÚMERO DE LA CLASIFICACIÓN DECIMAL DEWEY |
| Número de clasificación |
980/.03/0202 |
| Número de documento/Ítem |
P195h |
| 245 00 - MENCIÓN DE TÍTULO |
| Título |
Panorama histórico-literario de nuestra América / |
| Mención de responsabilidad, etc. |
América Díaz Acosta ... [et al.]. |
| 260 ## - PUBLICACIÓN, DISTRIBUCIÓN, ETC. |
| Lugar de publicación, distribución, etc. |
La Habana : |
| Nombre del editor, distribuidor, etc. |
Casa de las Americas ; |
| Lugar de publicación, distribución, etc. |
[New York] : |
| Nombre del editor, distribuidor, etc. |
[Vitral], |
| Fecha de publicación, distribución, etc. |
[1982]. |
| 300 ## - DESCRIPCIÓN FÍSICA |
| Extensión |
2 t. : |
| Otras características físicas |
il. ; |
| Dimensiones |
23 cm. |
| 490 #1 - MENCIÓN DE SERIE |
| Mención de serie |
Nuestros países. |
| -- |
Serie Estudios |
| 504 ## - NOTA DE BIBLIOGRAFÍA, ETC. |
| Nota de bibliografía, etc. |
Incluye referencias bibliográficas e índice. |
| 651 #0 - PUNTO DE ACCESO ADICIONAL DE MATERIA--NOMBRE GEOGRÁFICO |
| Nombre geográfico |
Latin America |
| Subdivisión general |
History |
| Subdivisión cronológica |
20th century |
| Subdivisión general |
Chronology. |
| 9 (RLIN) |
9858 |
| 650 #0 - PUNTO DE ACCESO ADICIONAL DE MATERIA--TÉRMINO DE MATERIA |
| Término de materia o nombre geográfico como elemento de entrada |
Latin american literature |
| Subdivisión cronológica |
20th century |
| Subdivisión general |
Bibliography. |
| 9 (RLIN) |
9859 |
| 700 1# - PUNTO DE ACCESO ADICIONAL--NOMBRE DE PERSONA |
| Nombre de persona |
Díaz Acosta, América. |
| 9 (RLIN) |
9860 |
| 700 1# - PUNTO DE ACCESO ADICIONAL--NOMBRE DE PERSONA |
| Nombre de persona |
Guerra, Sergio. |
| 9 (RLIN) |
9861 |
| 700 1# - PUNTO DE ACCESO ADICIONAL--NOMBRE DE PERSONA |
| Nombre de persona |
Hernández Novás, Raúl. |
| 9 (RLIN) |
9862 |
| 700 1# - PUNTO DE ACCESO ADICIONAL--NOMBRE DE PERSONA |
| Nombre de persona |
Pérez, Trinidad. |
| 9 (RLIN) |
9863 |
| 700 1# - PUNTO DE ACCESO ADICIONAL--NOMBRE DE PERSONA |
| Nombre de persona |
Prieto, Alberto. |
| 9 (RLIN) |
9864 |
| 700 1# - PUNTO DE ACCESO ADICIONAL--NOMBRE DE PERSONA |
| Nombre de persona |
Rodríguez, Emilio Jorge. |
| 9 (RLIN) |
9865 |
| 700 1# - PUNTO DE ACCESO ADICIONAL--NOMBRE DE PERSONA |
| Nombre de persona |
Simón, Pedro. |
| 9 (RLIN) |
9866 |
| 830 #0 - PUNTO DE ACCESO ADICIONAL DE SERIE-TÍTULO UNIFORME |
| Título uniforme |
Nuestros países. |
| Nombre de parte o sección de la obra |
Serie Estudios |
| 9 (RLIN) |
9867 |
| 910 ## - DATOS DE OPCIÓN DEL USUARIO (OCLC) |
| Datos de opción del usuario |
Catalogación por copia / LC |